000
00221nam a2200085Ia 4500
008
201217s9999 xx 000 0 und d
100
_a
Burger, W.
245
0
_a
Radar Observer's Handbook For Merchant Navy Officers
942
_c
BK
999
_c
7383
_d
7383